Geology and mineral deposits of the James River-Roanoke River manganese district, Virginia / (Record no. 28977)

MARC details
000 -LEADER
fixed length control field 01028cam a22003011a 4500
001 - CONTROL NUMBER
control field gs 55000247
003 - CONTROL NUMBER IDENTIFIER
control field DLC
005 - DATE AND TIME OF LATEST TRANSACTION
control field 20260227111403.0
008 - FIXED-LENGTH DATA ELEMENTS--GENERAL INFORMATION
fixed length control field 780805s1954 dcuab b f001 0 eng
010 ## - LIBRARY OF CONGRESS CONTROL NUMBER
LC control number gs 55000247
035 ## - SYSTEM CONTROL NUMBER
System control number (OCoLC)4112668
040 ## - CATALOGING SOURCE
Original cataloging agency DLC
Transcribing agency OClU
Modifying agency DNAL
-- DLC
042 ## - AUTHENTICATION CODE
Authentication code premarc
050 00 - LIBRARY OF CONGRESS CALL NUMBER
Classification number QE75
Item number .B9 no. 1008
070 0# - NATIONAL AGRICULTURAL LIBRARY CALL NUMBER
Classification number 407
Item number G29B no.1008
072 0# - SUBJECT CATEGORY CODE
Subject category code X400
-- P100
100 1# - MAIN ENTRY--PERSONAL NAME
Personal name Espenshade, Gilbert H.
Fuller form of name (Gilbert Howry),
Dates associated with a name 1912-
245 10 - TITLE STATEMENT
Title Geology and mineral deposits of the James River-Roanoke River manganese district, Virginia /
Statement of responsibility, etc. by Gilbert H. Espenshade.
260 ## - PUBLICATION, DISTRIBUTION, ETC.
Place of publication, distribution, etc. Washington, [D.C.] :
Name of publisher, distributor, etc. U.S. G.P.O.,
Date of publication, distribution, etc. 1954.
300 ## - PHYSICAL DESCRIPTION
Extent vii, 155 p. :
Other physical details ill., maps ;
Dimensions 24 cm. +
Accompanying material 12 folded leaves in case.
440 #0 - SERIES STATEMENT/ADDED ENTRY--TITLE
Title Geological Survey bulletin ;
Volume/sequential designation 1008
504 ## - BIBLIOGRAPHY, ETC. NOTE
Bibliography, etc. note Bibliography: p. 148-152.
500 ## - GENERAL NOTE
General note Includes index.
650 #0 - SUBJECT ADDED ENTRY--TOPICAL TERM
Topical term or geographic name entry element Geology
Geographic subdivision Virginia.
650 #0 - SUBJECT ADDED ENTRY--TOPICAL TERM
Topical term or geographic name entry element Petrology
Geographic subdivision Virginia.
650 #0 - SUBJECT ADDED ENTRY--TOPICAL TERM
Topical term or geographic name entry element Manganese ores
Geographic subdivision Virginia.
650 #0 - SUBJECT ADDED ENTRY--TOPICAL TERM
Topical term or geographic name entry element Mines and mineral resources
Geographic subdivision Virginia.

No items available.

Powered by Koha